| 000 | 00441cam a22001337a 4500 | ||
|---|---|---|---|
| 008 | 180718b1985 xxu||||| |||| 00| 0 eng d | ||
| 082 | _aZx5441 Si64 | ||
| 100 | _aSingh, Bhanwar | ||
| 245 |
_aAgrarian structure, technological change and poverty: microlevel evidence _cby Bhanwar Singh |
||
| 260 |
_aNew Delhi _bAgricole _c1985 |
||
| 300 | _a259p. | ||
| 650 | _aPoverty - India - Gujarat | ||
| 650 | _aAgricultural development - India - Gujarat | ||
| 999 |
_c353054 _d353054 |
||